Kinavu: കിനാവ് (Record no. 227522)
[ view plain ]
| 000 -LEADER | |
|---|---|
| fixed length control field | 00695nam a22002057a 4500 |
| 005 - DATE AND TIME OF LATEST TRANSACTION | |
| control field | 20230616164509.0 |
| 008 - FIXED-LENGTH DATA ELEMENTS--GENERAL INFORMATION | |
| fixed length control field | 230614b ||||| |||| 00| 0 eng d |
| 040 ## - CATALOGING SOURCE | |
| Transcribing agency | AL |
| 041 ## - LANGUAGE CODE | |
| Language code of text/sound track or separate title | mal |
| 082 ## - DEWEY DECIMAL CLASSIFICATION NUMBER | |
| Edition number | 23 |
| Classification number | 894.8123 |
| Item number | ZUHK |
| 100 ## - MAIN ENTRY--PERSONAL NAME | |
| Personal name | B M Zuhara: സുഹറ ബി എം |
| 100 ## - MAIN ENTRY--PERSONAL NAME | |
| 9 (RLIN) | 124194 |
| 245 ## - TITLE STATEMENT | |
| Title | Kinavu: കിനാവ് |
| 260 ## - PUBLICATION, DISTRIBUTION, ETC. | |
| Place of publication, distribution, etc. | Kozhikode |
| Name of publisher, distributor, etc. | P K Brothers |
| Date of publication, distribution, etc. | 1997 |
| 300 ## - PHYSICAL DESCRIPTION | |
| Extent | 112p. |
| Other physical details | PB |
| Dimensions | 21x13cm. |
| 365 ## - TRADE PRICE | |
| Source of price type code | Malayalam |
| Price amount | 40.00 |
| Currency code | ₹ |
| Unit of pricing | 40.00 |
| 650 ## - SUBJECT ADDED ENTRY--TOPICAL TERM | |
| Topical term or geographic name entry element | Malayalam Novel: മലയാളം നോവൽ |
| 9 (RLIN) | 123899 |
| 650 ## - SUBJECT ADDED ENTRY--TOPICAL TERM | |
| Topical term or geographic name entry element | Malayalam Fiction: മലയാളം ഫിക്ഷൻ |
| 9 (RLIN) | 123900 |
| 700 ## - ADDED ENTRY--PERSONAL NAME | |
| Personal name | ZUHARA (B M): സുഹറ (ബി എം) |
| 9 (RLIN) | 123901 |
| 942 ## - ADDED ENTRY ELEMENTS (KOHA) | |
| Source of classification or shelving scheme | Dewey Decimal Classification |
| Koha item type | Donated Books |
| Withdrawn status | Lost status | Source of classification or shelving scheme | Damaged status | Not for loan | Collection code | Home library | Current library | Date acquired | Total Checkouts | Full call number | Barcode | Date last seen | Date last checked out | Price effective from | Koha item type | Public note |
|---|---|---|---|---|---|---|---|---|---|---|---|---|---|---|---|---|
| Dewey Decimal Classification | Others | St Aloysius Library | St Aloysius Library | 06/10/2023 | 1 | 894.8123 ZUHK | D05793 | 02/14/2025 | 02/06/2025 | 06/14/2023 | Donated Books | Donated by Sara Abubakkar |